Competencias en materia de carreteras de las administraciones locales de segundo nivel
ISBN:
978-84-9803-290-1
Publicado:
Barcelona :
Diputació de Barcelona. Àrea de Infraestructuras, Urbanismo y Vivienda. Servicio de Vías Locales ,
2008
Descripción Física:
91 p. : quadres ; 24 cm
Colección:
Estudios. Territorio ; 4
MARC
| LEADER | 00000nam a2200000Ia 4500 | ||
|---|---|---|---|
| 001 | 20591 | ||
| 008 | 160829s2008 xx 000 0 cat d | ||
| 020 | |a 978-84-9803-290-1 | ||
| 080 | |a C-3-100 | ||
| 245 | |a Competencias en materia de carreteras de las administraciones locales de segundo nivel | ||
| 260 | |a Barcelona : |b Diputació de Barcelona. Àrea de Infraestructuras, Urbanismo y Vivienda. Servicio de Vías Locales, |c 2008 | ||
| 300 | |a 91 p. : |b quadres ; |c 24 cm | ||
| 490 | |a Estudios. Territorio ; 4 | ||
| 590 | |a Bibliografia | ||
| 650 | |a Carreteres |x Planificació |x Espanya |9 38510 | ||
| 650 | |a Carreteres |x Planificació |x Europa |9 38511 | ||
| 710 | |a Barcelona (Catalunya : Província). |b Servei de Vies Locals |9 53817 | ||
| 901 | |a Arxiu | ||
| 942 | |n 1 | ||
| 952 | |0 0 |1 0 |4 0 |6 C3100 |7 1 |9 48450 |a Arxiu |b Arxiu |d 2016-12-01 |l 0 |o C-3-100 |p 20591 |r 2016-12-01 00:00:00 |w 2016-12-01 |y ARXIU | ||
| 999 | |c 52279 |d 52279 | ||